Ironmaking and Steelmaking Theory and Practice / (Record no. 564949)
[ view plain ]
| 000 -LEADER | |
|---|---|
| fixed length control field | 00484nam a2200145Ia 4500 |
| 008 - FIXED-LENGTH DATA ELEMENTS--GENERAL INFORMATION | |
| fixed length control field | 210430s9999 xx 000 0 und d |
| 020 ## - INTERNATIONAL STANDARD BOOK NUMBER | |
| International Standard Book Number | 978-81-203-3289-8 |
| 082 ## - DEWEY DECIMAL CLASSIFICATION NUMBER | |
| Classification number | 669.142G 4271 I |
| 100 ## - MAIN ENTRY--PERSONAL NAME | |
| Personal name | Ahindara Ghosh, Amit Chatterjee |
| 9 (RLIN) | 127758 |
| 245 ## - TITLE STATEMENT | |
| Title | Ironmaking and Steelmaking Theory and Practice / |
| Statement of responsibility, etc. | Ghosh |
| 260 ## - PUBLICATION, DISTRIBUTION, ETC. | |
| Place of publication, distribution, etc. | India |
| Name of publisher, distributor, etc. | PHI Learning |
| Date of publication, distribution, etc. | 2010 |
| 300 ## - PHYSICAL DESCRIPTION | |
| Extent | 472 p |
| 856 ## - ELECTRONIC LOCATION AND ACCESS | |
| Uniform Resource Identifier | <a href="http://10.250.8.41:8080/xmlui/handle/123456789/46427">http://10.250.8.41:8080/xmlui/handle/123456789/46427</a> |
| Link text | For E-book Click here |
| 942 ## - ADDED ENTRY ELEMENTS (KOHA) | |
| Koha item type | Book |
| Source of classification or shelving scheme | |
| Withdrawn status | Lost status | Damaged status | Not for loan | Collection code | Permanent Location | Current Location | Shelving location | Date acquired | Total Checkouts | Full call number | Barcode | Date last seen | Price effective from | Koha item type |
|---|---|---|---|---|---|---|---|---|---|---|---|---|---|---|
| School of Chemical & Materials Engineering (SCME) | School of Chemical & Materials Engineering (SCME) | General Stacks | 669.142G 4271 I | SCME-4229 | 04/30/2021 | 04/30/2021 | Book |
